000 00736nam a2200241 4500
003 MX-MxINE
005 20260601193905.0
008 260509b1998 po ||||| |||| 00| 0 eng d
020 _a728396066
040 _aICI
_bspa
_cICI
_erda
050 _aT805.5.E97
_bO54 1998
100 _eautor
245 _aOne year to go = Um ano antes = Un año antes
250 _a1a edición
300 _a64 paginas:
_bilustracion
336 _2rdacontent
_atexto
337 _2rdamedia
_asin medio
338 _2rdacarrier
_avolumen
500 _aPublicación conmemorativa previa a la Expo '98 de Lisboa.
610 _aExpo '98 (1998 : Lisboa, Portugal)
_934382
650 _aExposiciones internacionales
_xPortugal
_934383
942 _2lcc
_n1
_cB
999 _c22365
_d22365